Seguridad ciudadana y miedo al crimen: implicaciones de las respuestas del sistema político para la democratización en la región, el caso de la maras en El Salvador /
El documento presenta un análisis de las políticas de seguridad social enfocadas al fenómeno de las Maras en El Salvador y la relación que estas permiten entre los sentimientos de miedo e inseguridad y el proceso de democratización.
Na minha lista:
| Autor principal: | |
|---|---|
| Formato: | Tese |
| Idioma: | Spanish |
| Publicado em: |
San José:
UCR
2004
|
| Assuntos: | |
| Tags: |
Adicionar Tag
Sem tags, seja o primeiro a adicionar uma tag!
|
MARC
| LEADER | 00000 a a2200000 04500 | ||
|---|---|---|---|
| 001 | 33864 | ||
| 003 | cru CIDCACS/IIS | ||
| 005 | 20230707101844.0 | ||
| 008 | 230508e2004 cr ||||| |||| 00| 0 spa d | ||
| 040 | |a CRAI/IIS |c CRAI/IIS | ||
| 090 | |a 02.02.01 S161s | ||
| 100 | |a Salazar Araya, Sergio | ||
| 245 | |a Seguridad ciudadana y miedo al crimen: |b implicaciones de las respuestas del sistema político para la democratización en la región, el caso de la maras en El Salvador / |c Sergio Salazar Araya | ||
| 260 | |a San José: |b UCR |c 2004 | ||
| 300 | |a 50 páginas | ||
| 500 | |a Taller de tesis 1 | ||
| 502 | |a Tesis (Maestría Centroamericana de Ciencias Políticas) -- Universidad de Costa Rica, 2004 | ||
| 520 | |a El documento presenta un análisis de las políticas de seguridad social enfocadas al fenómeno de las Maras en El Salvador y la relación que estas permiten entre los sentimientos de miedo e inseguridad y el proceso de democratización. | ||
| 650 | |a SEGURIDAD | ||
| 650 | |a CRIMEN ORGANIZADO | ||
| 650 | |a DEMOCRACIA | ||
| 650 | |a VIOLENCIA | ||
| 650 | |a POLITICA | ||
| 650 | |a PODER POLITICO | ||
| 650 | |a EL SALVADOR | ||
| 650 | |a INDICADORES ECONOMICOS | ||
| 650 | |a INDICADORES SOCIALES | ||
| 650 | |a INDICE DE POBREZA HUMANA | ||
| 650 | |a TASAS DE HOMICIDIOS | ||
| 942 | |2 ddc |c LITG |h 02.02.01 S161s |i 00361 |6 020201_S161S_00361 | ||
| 999 | |c 17934 |d 17934 | ||
